| 000 | 00558ntaaa2200181 4500 | ||
|---|---|---|---|
| 003 | 01 | ||
| 005 | 20251027201949.0 | ||
| 008 | 0714s1973 ag 01 | ||
| 040 |
_aAR-BaBN _bspa _cAR-BaBN _eaacr _dRIC |
||
| 082 | _a248.0000 Sm5 | ||
| 100 |
_aSmith, Hannah Whitall _914863 |
||
| 245 | _aPractice of the presence of God, being conversations and letters of Nicholas Herman of Lorraine. | ||
| 250 |
_a5 ed. : _bJ. Nisbet and Co., _cc1904 |
||
| 300 | _aiv, 44 p. | ||
| 650 |
_aNicolás Herman of Lorraine _918180 |
||
| 650 |
_aBrother Lawrence _918181 |
||
| 942 | _cBK | ||
| 999 |
_c14373 _d14373 |
||